Danny Han (UG)

Penn A


Categories

Social Science0400407295.0013
Science - Physics0310253473.6713
Science - Other Science0200204886.0001
Mythology010010125125.0000
Other0100103939.0011
History - World History010010105105.0001
Religion0100105959.0011
History - European History010010108108.0001
Fine Arts - Other Fine Arts000000.0000
Science - Biology0010-50.0000
Philosophy0010-50.0000

Buzzes

Science - BiologyCRISPR-Cas9 gene editing-527
Science - Physicscapacitance1034
OtherSìchuān1039
Science - Other Scienceimages1048
ReligionDragon Boat Festival1059
Science - Physicsmagnetic flux-568
Social Sciencefertility rate1072
Science - Physicsnatural logarithm1079
Social ScienceNeolithic Revolution1091
Social Sciencepositive10104